ARRUPE JESUIT UNIVERSITY

CORONAVIRUS -STOP THE SPREAD - CLEAN,DISINFECT,COVER

Southern Sudan : (Record no. 2712)

MARC details
000 -LEADER
fixed length control field 01764cam a2200289 a 4500
001 - CONTROL NUMBER
control field 14742279
005 - DATE AND TIME OF LATEST TRANSACTION
control field 20170529090428.0
008 - FIXED-LENGTH DATA ELEMENTS--GENERAL INFORMATION
fixed length control field 070222s2007 njuab b 001 0 eng
010 ## - LIBRARY OF CONGRESS CONTROL NUMBER
LC control number 2007007572
020 ## - INTERNATIONAL STANDARD BOOK NUMBER
International Standard Book Number 156902264X (hbk.)
020 ## - INTERNATIONAL STANDARD BOOK NUMBER
International Standard Book Number 1569022658 (pbk.)
040 ## - CATALOGING SOURCE
Original cataloging agency DLC
Transcribing agency DLC
Modifying agency DLC
043 ## - GEOGRAPHIC AREA CODE
Geographic area code f-sj---
050 00 - LIBRARY OF CONGRESS CALL NUMBER
Classification number DT157.67
Item number .A36 2007
082 00 - DEWEY DECIMAL CLASSIFICATION NUMBER
Classification number 962.9
Edition number 22
100 1# - MAIN ENTRY--PERSONAL NAME
Personal name Akol, Lam.
9 (RLIN) 31146
245 10 - TITLE STATEMENT
Title Southern Sudan :
Remainder of title colonialism, resistance, and autonomy /
Statement of responsibility, etc Lam Akol.
260 ## - PUBLICATION, DISTRIBUTION, ETC. (IMPRINT)
Place of publication, distribution, etc Trenton, NJ :
Name of publisher, distributor, etc The Red Sea Press,
Date of publication, distribution, etc c2007.
300 ## - PHYSICAL DESCRIPTION
Extent 324 p. :
Other physical details ill., maps ;
Dimensions 22 cm.
504 ## - BIBLIOGRAPHY, ETC. NOTE
Bibliography, etc Includes bibliographical references and index.
505 0# - FORMATTED CONTENTS NOTE
Formatted contents note Introduction -- The peoples of southern Sudan -- Provinces of southern Sudan, 1898-1956 -- Fashoda: a colonial watershed? -- Condominium policies towards the South, 1922-1947 -- The Juba Conference -- The beginnings of organized action -- Self-government, 1953-1955 -- Independent Sudan, 1956-1964 -- The liberation struggle, 1960-1964 -- The fall of the military regime, October 1964 -- Developments in the liberation struggle, 1965-1972 -- The Addis Ababa agreement -- The regional government -- Conclusion.
651 #0 - SUBJECT ADDED ENTRY--GEOGRAPHIC NAME
Geographic name Sudan
General subdivision History
Chronological subdivision Civil War, 1955-1972.
9 (RLIN) 31147
651 #0 - SUBJECT ADDED ENTRY--GEOGRAPHIC NAME
Geographic name Sudan
General subdivision History
Chronological subdivision Civil War, 1983-2005.
9 (RLIN) 31148
856 41 - ELECTRONIC LOCATION AND ACCESS
Materials specified Table of contents only
Uniform Resource Identifier <a href="http://www.loc.gov/catdir/toc/ecip0711/2007007572.html">http://www.loc.gov/catdir/toc/ecip0711/2007007572.html</a>
906 ## - LOCAL DATA ELEMENT F, LDF (RLIN)
a 7
b cbc
c orignew
d 1
e ecip
f 20
g y-gencatlg
942 ## - ADDED ENTRY ELEMENTS (KOHA)
Source of classification or shelving scheme Library of Congress Classification
Item type Monograph ( Printed materials)
Holdings
Withdrawn status Lost status Source of classification or shelving scheme Damaged status Not for loan Collection code Home library Current library Shelving location Date acquired Total Checkouts Full call number Barcode Date last seen Copy number Price effective from Koha item type
    Library of Congress Classification     Main Collection ARRUPE LIBRARY ARRUPE LIBRARY   27/02/2013   DT157.67.A36 46403663 07/12/2017 1 27/02/2013 Monograph ( Printed materials)

 

Arrupe Library. PO Box MP320 Mt Pleasant, Harare, Zimbabwe
263 242 745411|librarian@aju.ac.zw